000 02221cam a2200385 4500500
005 20260208001821.0
041 _afre
042 _adc
100 1 0 _aCaudal, Sylvie
_eauthor
245 0 0 _aChronique de la fiscalité française de l'environnement en 2013
260 _c2014.
500 _a35
520 _aL’année 2013 n’a guère brillé en matière de fiscalité de l’environnement à l’exception de l’introduction, enfin réussie, d’une composante carbone dans la fiscalité de l’énergie. D’autres avancées se rattachent également aux questions énergétiques, que ce soit au travers de taxes (durcissement de la taxe sur les véhicules de société et du malus automobile) ou de dépenses fiscales (crédit d’impôt développement durable, taux réduit de TVA). Les autres dispositions se limitent à des modifications ponctuelles, d’ailleurs pas toujours dans le sens d’un progrès de la protection de l’environnement.
520 _aFrench environmental taxation history in 2013The year 2013 was not an exceptional year as regards green taxes, except the successful introduction, at last, of a carbon tax. Other progresses are linked to energy, such as taxes. The rest of the innovations only consist in punctual modifications, not always in favour of the environment protection.
690 _acomité pour la fiscalité écologique
690 _ad
690 _aécotaxe
690 _afiscalité de l'environnement
690 _afiscalité écologique
690 _alutte contre les gaz à effet de serre
690 _aperformance énergétique
690 _apollution atmosphérique
690 _aatmospheric pollution
690 _acarbon taxation
690 _aecological taxation
690 _aecotax
690 _aenergetic performance
690 _aenvironmental taxation
690 _aenvironmental taxation committee
690 _afight against greenhouse gas emissions
690 _atrash
690 _atru
786 0 _nRevue juridique de l’environnement | Volume 39 | 2 | 2014-06-21 | p. 311-330 | 0397-0299
856 4 1 _uhttps://droit.cairn.info/revue-juridique-de-l-environnement-2014-2-page-311?lang=fr&redirect-ssocas=7080
999 _c1645353
_d1645353